| 000 | 00468nam a2200169Ia 4500 | ||
|---|---|---|---|
| 003 | LK-CoDNM | ||
| 008 | 010623t xxu||||| |||| 00| 1 sin d | ||
| 040 |
_aLK-CoDNM _dLK-CoDNM _eLK-CoDNM |
||
| 041 | _asin | ||
| 080 | _aX 396 MAH | ||
| 100 | _aMahingoda,Premasiri. | ||
| 245 | _aසිංහලේ ඉතිහාසගත කාන්තාවෝ | ||
| 246 | _aSinhale Itihasagatha Kantawo | ||
| 260 | _bDayawansa Jayakody | ||
| 300 | _b215p., 21 cm | ||
| 942 | _cBK | ||
| 999 |
_c141997 _d141997 |
||